Los Sectores rezagados en la transición de la fecundidad en América Latina /

Salvato in:
Dettagli Bibliografici
Autore principale: Schkolnik, Susana
Altri autori: Chackiel, Juan
Natura: testo
Tags: Aggiungi Tag
Nessun Tag, puoi essere il primo ad aggiungerne!!

MARC

LEADER 00000 a a2200000 04500
001 15977
003
040
100 |a Schkolnik, Susana  
245 |a Los Sectores rezagados en la transición de la fecundidad en América Latina /  |c Schkolnik  
700 |a Chackiel, Juan  
773 |g número 83; páginas 19-31  
999 |c 19736  |d 19736